000 00628nam a2200229Ia 4500
003 OSt
005 20220923220827.0
006 a|||||r|||| 00| 0
007 ta
008 220922b |||||||| |||| 00| 0 hin d
024 _a191,055
037 _cTextual
040 _aARTS
_cARTS
_bhin
041 _2hin
_ahin
082 _aR672, 152J7
100 _aअरूण, सरनामसिंह
_9156270
245 0 _aभक्ति दर्शन
246 _aBhakti darshana
260 _c1957
942 _hR672, 152J7
_cTEXL
_2CC
999 _c343775
_d343775